00764nam a2200241Ia 4500003000400000005001700004008004100021020001800062040000700080041000800087082002200095100004800117245004500165260002900210300001200239365001300251650002100264650002500285906004500310942001200355999001900367952013600386OSt20230427125040.0210423s2011 xx 000 0 und d a9788131604410 cAL aeng a305.42 223bGENS aGENZ (Stephanie);BRABON (Benjamin A)994051 aPostfeminism:cultural texts and theories bRawat Publicationsc2011 a199bPB b625cINR aSociology994052 aWomen Studies994053 aPostfeminism:cultural ; texts ; theories 2ddccBK c161216d161216 001040708MAENGaSACPGbSACPGd2013-03-23eKnowledge Worldg625.00l0o305.42 GENSpPG007697r2022-08-24 00:00:00w2021-04-26yBK